| Поле | Инд. | ПП | Название | Значение |
|---|---|---|---|---|
| Тип записи | a | |||
| Библиографический уровень | b | |||
| 001 | Контрольный номер | RU/IS/BASE/141320169 | ||
| 005 | Дата корректировки | 20200630193223.8 | ||
| 084 | a | Индекс другой классификации/Индекс ББК | 65.051.110.1 | |
| 100 | 1_ | a | Автор | Суворов Н. В. |
| q | Полное имя | Суворов Николай Владимирович | ||
| 245 | a | Заглавие | Направления использования межотраслевого метода в прогнозно-аналитических исследованиях материально-вещественных пропорций воспроизводства | |
| 504 | a | Библиография | Лит.: 15 назв. - Примеч. | |
| 520 | a | Аннотация | "Обобщается, с точки зрения используемых статистических методов и математического аппарата, опыт исследования динамики межотраслевых связей в отечественной экономике в период 1991-1995. Рассматривается проблема интеграции метода межотраслевого баланса и моделей прогнозирования динамики производства, основывающихся на данных текущей статистики." | |
| 650 | a | Основная рубрика | экономика | |
| a | Основная рубрика | экономическая статистика | ||
| 653 | a | Ключевые слова | межотраслевой баланс | |
| a | Ключевые слова | межотраслевой метод прогнозирования | ||
| a | Ключевые слова | метод межотраслевого баланса | ||
| a | Ключевые слова | методы прогнозирования | ||
| a | Ключевые слова | переходная экономика | ||
| a | Ключевые слова | промышленное воспроизводство | ||
| a | Ключевые слова | промышленное производство | ||
| a | Ключевые слова | Россия | ||
| a | Ключевые слова | социально-экономическое развитие | ||
| a | Ключевые слова | статистика воспроизводства | ||
| a | Ключевые слова | статистика промышленности | ||
| a | Ключевые слова | экономико-математические методы | ||
| a | Ключевые слова | экономическое прогнозирование | ||
| 773 | t | Заглавие источника | Проблемы прогнозирования | |
| d | Дата издания источника | 2001 | ||
| g | Прочая информация | № 1. - С. 46 - 57 : расчет. | ||
| w | Контрольный № источника | RU/IS/BASE/142087785 | ||
| 901 | t | Тип документа | b |